| 000 | 00322nam a2200121Ia 4500 | ||
|---|---|---|---|
| 008 | 190216s9999||||xx |||||||||||||| ||und|| | ||
| 100 | _aDavid Fullerton & Kates N | ||
| 245 | 4 | _aThe Stories Of Shakespeare`S Plays | |
| 260 |
_bOxford University Press _c1991 |
||
| 300 | _a74p | ||
| 650 | _aEnglish Stories | ||
| 942 | _cBK | ||
| 999 |
_c13789 _d13789 |
||